LEADER 00887nam0-22003131i-450- 001 990000496820403321 005 20070213095155.0 010 $a0-07-056127-3 035 $a000049682 035 $aFED01000049682 035 $a(Aleph)000049682FED01 035 $a000049682 100 $a20020821d1987----km-y0itay50------ba 101 0 $aeng 102 $aUS 105 $aa-------001yy 200 1 $a<>introduction to circuit analysis$ea systems approach$fDonald Scott E. 210 $aNew York$cMcGraw-Hill$d1987 215 $aXVIII, 701 p.$cill.$d23 cm 225 1 $dElectrical engineering$iCircuits and systems 610 0 $aCircuiti elettrici - analisi 676 $a621.38153 700 1$aScott,$bDonald E. 801 0$aIT$bUNINA$gRICA$2UNIMARC 901 $aBK 912 $a990000496820403321 952 $a10 C I 340$b617 DEE$fDINEL 959 $aDINEL 997 $aUNINA LEADER 01258nam--2200373---450- 001 990003082180203316 005 20080317184310.0 010 $a978-88-207-3631-6 035 $a000308218 035 $aUSA01000308218 035 $a(ALEPH)000308218USA01 035 $a000308218 100 $a20080317d2007----km-y0itay50------ba 101 $aita 102 $aIT 105 $a||||||||001yy 200 1 $aNapoli...serenata calibro 9$estoria e immagini della camorra tra cinema, sceneggiata e neomelodici$fMarcello Ravveduto$gprefazione di Giuliano Amato 210 $aNapoli$cLiguori$d2007 215 $aXIV, 218 p.$d24 cm 225 2 $aBiblioteca$iCollana di storia contemporanea$v3 410 0$12001$aBiblioteca$iCollana di storia contemporanea 606 0 $aCamorristi$xLinguaggio$yNapoli 606 0 $aCamorra$xAspetti culturali$yNapoli$xComunicazione 676 $a364.106094572 700 1$aRAVVEDUTO,$bMarcello$0509661 801 0$aIT$bsalbc$gISBD 912 $a990003082180203316 951 $aIV.1. 1168$b204389 LM$cIV.1.$d00200171 959 $aBK 969 $aUMA 979 $aSENATORE$b90$c20080317$lUSA01$h1841 979 $aSENATORE$b90$c20080317$lUSA01$h1843 996 $aNapoli...serenata calibro 9$91023563 997 $aUNISA